000 00435nam a2200169Ia 4500
001 13870
003 IN-NITTTR
005 20251114233130.0
008 251113s9999||||xx |||||||||||||| ||eng||
040 _beng
040 _cIN-NITTTR
041 _aeng
082 _a333.79 B899C
100 _aBuren, Ariane Van
245 2 _aA Chinese biogas manual popularising technology in the countryside /
_cBuren, Ariane Van
942 _2ddc
_cBK
999 _c16506
_d16506